000 00737cab a2200265 4500
001 WB3113-56
008 090401t1995 xxu||||| |||| 00| 0 eng d
035 _a(Sirsi) u41244
041 _aeng
245 _aBarytes mine
260 _c1995
350 _a0
490 _aScottish Office News Release
_v(0368/95) 24 March 1995 (2)
520 _aAn appeal against refusal of planning permission for a proposed barytes mine at Duntanlich, Perth and Kinross has been dismissed.
650 _aBARYTES MINE
650 _aBARYTES
650 _aDUNTANLICH
650 _aKINROSS
650 _aPERTH
650 _aPLANNING PERMISSION
650 _aSCOTLAND
690 _aMINING AND MINERALS
942 _n0
948 _c04/03/1997
999 _c26502
_d26502